000 003260000a22001450004500
003 MACL
040 _aMACL
090 _c33037
_d33035
100 _aCompetition Review P Ltd
245 _aQuantitative Aptitude Tests
260 _bCompetition Review P Ltd
_c2002
350 _a225
650 _aLogic
942 _cBOOK
_k160/COM
999 _c32700
_d32700